Gaming Quiz

Random Gaming or Pokémon Quiz

Generation I pokemon cryptogram Quiz Stats

 Plays Quiz not verified by Sporcle

Challenge
Share
Tweet
Embed
Score 0/25 Timer 12:00
0 Plays Today
Hint Pokemon % Correct
TACJHDGPikachu
92.6%
JYBIVJHMQWAerodactyl
85.2%
BDQVIXRhydon
83.2%
RYYTAXSYWWWeepinbell
82.8%
XAVIBAXINidorino
82.8%
TIWARJOPoliwag
80.8%
JBMAHGXIArticuno
80.1%
OQJBJVIZGyarados
79.5%
BJTAVJZDRapidash
79.5%
TAVOYIMMIPidgeotto
79.1%
TIBQOIXPorygon
78.8%
VBJOIXJABDragonair
77.8%
RAOOWQMGKKWigglytuff
77.1%
Hint Pokemon % Correct
YNYOOGMIBExeggutor
76.1%
WAHCAMGXOLickitung
76.1%
EJBIRJCMarowak
75.8%
VYROIXODewgong
74.4%
EJXCYQMankey
74.1%
HWYKJSWYClefable
74.1%
ZWIRSBISlowbro
73.7%
KYJBIRFearow
73.4%
CJXOJZCDJXKangaskhan
72.7%
DJGXMYBHaunter
72.4%
CAXOWYBKingler
72.1%
EJOXYMIXMagneton
68.4%

You're not logged in!

Compare scores with friends on all Sporcle quizzes.
Join for Free
OR
Log In

You Might Also Like...

Show Comments

Extras

Top Quizzes Today


Score Distribution

Your Account Isn't Verified!

In order to create a playlist on Sporcle, you need to verify the email address you used during registration. Go to your Sporcle Settings to finish the process.

Report this User

Report this user for behavior that violates our Community Guidelines.

Details: